| 000 | 00823cam a22002653a 4500 | ||
|---|---|---|---|
| 001 | 28791 | ||
| 003 | PGUSA | ||
| 005 | 20140828083625.0 | ||
| 008 | 090513s2009||||xxu|||||s|||||000 | eng d | ||
| 040 |
_aPGUSA _beng |
||
| 042 | _adc | ||
| 050 | 4 | _aPS | |
| 100 | 1 |
_aGarland, Hamlin, _d1860-1940 |
|
| 245 | 1 | 2 |
_aA Son of the Middle Border _h[electronic resource] / _cHamlin Garland |
| 260 |
_bProject Gutenberg, _c2009 |
||
| 506 | _aPublic domain in the USA. | ||
| 516 | _aElectronic text | ||
| 653 | _aAuthors, American -- 20th century -- Biography | ||
| 653 | _aGarland, Hamlin, 1860-1940 | ||
| 653 | _aFrontier and pioneer life -- Middle West | ||
| 653 | _aAuthors, American -- 19th century -- Biography | ||
| 830 | 0 |
_aProject Gutenberg _v28791 |
|
| 856 | 4 | 0 | _uhttp://www.gutenberg.org/ebooks/28791 |
| 942 | _cEB | ||
| 999 |
_c258046 _d258046 |
||